| 000 | 00453cam a2200193ua 4500 | ||
|---|---|---|---|
| 020 | _c4.00 | ||
| 041 |
_ahin _h |
||
| 082 |
_a891.54 _bRAM/MI |
||
| 100 | _aRamdhari Singh Dinakar, . | ||
| 245 |
_aMitti ki ore / _cRamdhari singh dinakar. _hTextual Documents |
||
| 250 |
_a1 / _b. |
||
| 260 |
_a : _bUdayachal , _c1956. |
||
| 300 | _a160 ; . | ||
| 365 | _a4.00 | ||
| 504 | _a | ||
| 942 | _cBK | ||
| 999 |
_c3819 _d3819 |
||